000 01077nam a22002657a 4500
005 20240530110437.0
008 150326s2011 su g 000 0 ara d
017 _a9789960548708
_bالسعودية . مكتبة الملك فهد
040 _aEG-CaGPL
082 0 4 _221
_a304.2\
_bد ا
100 1 _aدياموند ، جارد
245 1 1 _aالانهيار :
_bكيف تحقق المجتمعات الاخفاق او النجاح ؟ /
_cجارد دياموند ؛ نقله الى العربية مروان سعدالدين
250 _aالاولى
260 _aالرياض :
_bالعبيكان للنشر ،
_c2011 .
300 _a688 ص ؛
_c24 سم
650 0 4 _aالتغير الاجتماعى
650 0 4 _aالتطور الاجتماعى
650 0 4 _aالتنمية الاجتماعية
650 0 4 _aالبيئة والانسان
650 0 4 _aالتقدم الاجتماعى
650 0 4 _aالتنمية الاقتصادية
700 0 _aمروان سعدالدين
_eمترجم
942 _2ddc
_cBK
999 _c60979
_d60979